Statistics for Massachusetts towns you can type with one hand

Click here to take the quiz!

General Stats

  • This quiz has been taken 31 times
  • The average score is 6 of 10

Answer Stats

First LetterNumber of LettersAnswer% Correct
E5Essex
76%
L4Lynn
76%
R6Revere
76%
H4Hull
71%
W4Ware
71%
E7Everett
59%
B5Barre
41%
B8Brewster
41%
C6Carver
41%
W7Webster
29%

Score Distribution

Percentile by Number Answered

Percent of People with Each Score

Your Score History

You have not taken this quiz